000 00577nam a22001937a 4500
005 20250926115431.0
010 _aENG-146868
020 _a9789358707151
_c599.00
035 _aEN-130400
037 _bDBAD
082 _21
_a540.076
245 _aPYQs 16 Years (2009-2024) NTA NEET Biology/
250 _a1
260 _aUttar Pradesh
_bS. Chand Publishing
_c2025
270 _aD-92, Sector-2, Noida
_bUttar Pradesh
_e201301
_k61-120-4682700
300 _a464p.
_c27cm(pb)
500 _aAs per the New Syllabus 2025
942 _2ddc
_cEN
_mNTA
_h540.076
999 _c213473
_d213473